000 nam a22 7a 4500
999 _c29310
_d29310
008 171125b xxu||||| |||| 00| 0 eng d
020 _a9780335241835
050 _aLB 2326.3 .T54 2012
100 _aTight, Malcolm
245 _aResearching Higher Education /
_cMalcolm, Tight.
250 _a1st ed.
260 _aUSA:
_bMcGraw-Hill,
_c2012.
300 _axv, 293p. :ill.
_bincludes bibliographical references and index.
_c26cm
650 _aEducation
942 _2lcc
_cBOOKS
_hLB 2326.3 .T54 2012